00686nam a2200217 a 4500003000400000005001700004008004100021040002400062041000800086082001800094100002000112245012100132250001200253260006400265300001000329440004000339653001500379653003300394700002300427856001800450OSt20131018142347.0131018s2003 ag ||||| |||| 00| 0 spa d cBiblioteca Medicina aspa bCONGRESOS 0451 aPautassi, Laura00aSeminario VIII: ¿Un mercado en retraccion? El empleo en el sector salud en Argentina desde la perspectiva de genero a1º ed. aBuenos AiresbCentro de Estudios de Estado y Sociedadc2003 a38 p. 0aSeminarios Salud y Politica Publica aSALUD-RRHH aTRABAJADORES DE SALUD-GENERO1 aRico, Maria Nieves awww.cedes.org